=LDR 00000nam 2200000 4500 =001 INLIS000000000041076 =005 20130612150628 =008 ***********************************Ind** =035 ##$$0010-061300000041076 =041 ##$$a Ind =082 ##$$a 813 =090 ##$$a 813, Cru m =100 ##$$a Cruz, Melissa De La =245 ##$$a Masguerade, Melissa de la crus ; penerjemah, Christine Lianita Tumangkeng =260 ##$$a 2011 $b Jakarta =300 ##$$a 361 hlm, 22 cm =650 ##$$a Fiksi =850 ##$$a NBPNMAT